000 00823nam a2200241 4500
003 CBULib
005 20250516102535.0
008 250516b |||||||| |||| 00| 0 eng d
040 _aCBULib
_bEnglish
_cCBULib
_erda
041 _aeng
050 _aCBU-LIB(058)SRR/2008
110 _94465
_aCopperbelt University Library(CBU-LIB)
245 _aCBU Library: 2008 stock review exercise
_c/ by The Copperbelt Univrsity(CBU-LIB)
260 _aKitwe :
_bCopperbelt University,
_c2008.
300 _a129 pages : illustrations
336 _2rdacontent
_aText |
_btxt
337 _2rdamedia
_aUnmediated |
_bn
338 _2rdacarrier
_aVolume
_bnc
650 0 _94596
_aLIBRARIES--HANDBOOKS, MANUALS, ETC
650 0 _94597
_aUNIVERSITY LIBRARIES -- ZAMBIA -- REPORTS
700 _94464
_aMbewe, G.L.
_eCompiler
942 _2mc
_c029
999 _c86220
_d86220